00335nam a2200121Ia 4500008004100000041000800041082001900049100002300068245002800091260004800119300003400167365001200201240624s9999 xx 000 0 und d aeng a330.015195 MIT aMITTELHAMMER RON C aECONOMETRIC FOUNDATIONS c2000aCambridgebCambridge University Press axxviii, : 756 : p. : cm. ; 25 cGBPb30